| 000 | 00929cam a2200301Mi 4500 | ||
|---|---|---|---|
| 001 | 59066 | ||
| 005 | 20230410105256.0 | ||
| 008 | 030218s2002 sp 000 0 spa d | ||
| 035 | _a(OCoLC)ocm51726259 | ||
| 040 |
_aPL# _bspa _cPL# _dUNAMX |
||
| 020 | _a8432310999 | ||
| 020 | _a9788432310997 | ||
| 029 | 0 |
_aPL# _b8432310999 |
|
| 035 | _a(OCoLC)51726259 | ||
| 050 | 1 | 4 |
_aUG447.8 _bB259f 2002 |
| 100 | 1 | _aBarnaby, Wendy. | |
| 245 | 1 | 0 |
_aFabricantes de epidemias : _bel mundo secreto de la guerra biológica / _cWendy Barnaby. |
| 260 |
_aMadrid : _bSiglo XXI de España Editores, _cc2002. |
||
| 300 |
_a229 p. ; _c23 cm. |
||
| 440 | 0 | _aSociología y política | |
| 500 | _aTítulo original: The plague makers. | ||
| 653 | _aGuerra biológica. | ||
| 653 |
_aPolítica internacional _a1989- . |
||
| 938 |
_aPuvill Libros _bPUVL _n8432310999 _c$20.55 |
||
| 942 |
_2lcc _cbk |
||
| 994 |
_aC0 _bDRFGD |
||
| 946 | _aLspaulino | ||
| 999 |
_c33429 _d33429 |
||